Quizzes
Events
Quiz Creation
Community
Videos
Private Events
Remove Ads
Sign In
Join for FREE
Feedback
Dark Mode
Quiz Categories
Sports
Geography
Music
Movies
Television
Just For Fun
Miscellaneous
History
Literature
Language
Science
Gaming
Entertainment
Religion
Holiday
For Kids
Quiz Lab
Recent
Popular Today
Quiz Kudos Today
Editor Picks
Curator Picks
Quizzes by...
Day
Popularity
Type
Ratings
Length
Year
Community
Subscriptions
Recent Discussions
Orange Saloon
Badges
Playlists
Quests
Create
Leaderboards
Showdown
Live 5
Trivia Bingo
Activity
Puzzle Library
Sporcle Events
Private Events
Virtual Trivia
Globe League
Become a Host
Pub Owners
SporcleCon
Opinionation
Our Games
Videos
Blog
Mobile Apps
Partnerships
Remove Ads and Go Orange
Feedback
Sports
Athletes
MLB
NBA
NHL
NFL
Soccer
Sports Teams
WWE
NCAA
Football
Premier League
Basketball
Baseball
Hockey
Golf
Tennis
Cricket
Rugby
Auto Racing
Olympics
World Cup
Sports
Athletes
MLB
NBA
NHL
NFL
Soccer
Sports Teams
WWE
NCAA
Football
Premier League
Basketball
Baseball
Hockey
Golf
Tennis
Cricket
Rugby
Auto Racing
Olympics
World Cup
Random Quiz
Search Sporcle
×
Quiz Lab
Quiz Lab
Sports
Abramovich
Type in answers that appear in a list
Type in answers that appear in a list
Classic
Best Score? Go Orange.
Chelsea signings under Abramovich Stats
Can you name the Chelsea signings under Abramovich?
By
Peggy_Power
15m
47 Questions
3,535 Plays
3,535 Plays
3,535 Plays
Comments
Comments
Give Quiz Kudos
Give Quiz Kudos
-
- Ratings
hide this ad
Replay
Link that replays current quiz
Next Quiz
Link to next quiz in quiz playlist
You Got
0%
They Got
Avg Score
56%
Avg Friend Score
Upgrade to see
Score Distribution
Jump to the score distribution portion of the page
Score
0/47
Timer
15:00
0
Plays Today
Transfer Fee
Player
% Correct
24 million
Didier Drogba
95%
6.6 million
Joe Cole
92.6%
5 million
Ashley Cole
92.2%
25.98 million
Michael Essien
86.5%
7 million
Petr Cech
85.8%
31.8 million
Andriy Shevchenko
85.7%
19.85 million
Ricardo Carvalho
84.2%
Free Transfer
Michael Ballack
81.3%
15 million
Nicolas Anelka
80.6%
13.5 million
Florent Malouda
75.8%
9 million
Salomon Kalou
75.6%
16 million
John Obi Mikel
75.4%
17 million
Damien Duff
73.8%
13.2 million
Paulo Ferreira
73.1%
12 million
Arjen Robben
73%
Undisclosed
Alex
72.2%
9 million
Branislav Ivanovic
68.4%
8 million
Deco
68.2%
16.8 million
Hernan Crespo
67.2%
16.3 million
José Bosingwa
66.3%
Tribunal to set fee
Daniel Sturridge
63.7%
15.8 million
Adrian Mutu
62.9%
7 million
Wayne Bridge
62.8%
Undisclosed
Henrique Hilario
62.2%
Transfer Fee
Player
% Correct
16.7 million
Claude Makelele
61.5%
21 million
Shaun Wright-Phillips
58.7%
18 million
Yuri Zhirkov
58.6%
6 million
Glen Johnson
58.5%
15 million
Juan Veron
56.9%
Free Transfer
Ross Turnbull
53.5%
5 million
Mateja Kezman
52.9%
10 million
Scott Parker
44.5%
Free Transfer
Juliano Belletti
42%
8 million
Tiago
41.9%
7.2 million
Geremi
38.9%
Free Transfer
Steve Sidwell
37.8%
3.5 million
Alexei Smertin
31.8%
3 million
Jiri Jarosik
26.8%
Undisclosed
Lassana Diarra
26%
8 million
Asier Del Horno
24.1%
Free Transfer
Claudio Pizzaro
23.9%
8.5 million
Khalid Boulahrouz
21.3%
Undisclosed
Franco Di Santo
21.2%
1.5 million
Nemanja Matic
20.9%
Free Transfer
Tal Ben Haim
20.2%
Free Transfer
Neil Sullivan
15.5%
Undisclosed
Nuno Morais
8.2%
Quiz Playlist
Details
Report
Send in Message
Add To Playlist
Classic:
Type in answers that appear in a list
Last Updated: Feb 16, 2017
Quiz Scoreboard
CHALLENGE
Sign Up to Join the Scoreboard
Show All
Scores
Hide
Comments
May contain spoilers
Recently Published
College Basketball Coaching Resumes
by pancakes188
Sports
9m
Billboard Blitz: Fleetwood Mac
by CooCooCachoo
Music
15s
Presidents Visiting Landmarks
by Hejman
History
7m
More to Explore
Quiz From the Vault
Featured Blog Post
Where Did the Easter Bunny Come From?
hide this ad
You Might Also Like...
Tags
Abramovich
Chelsea
fee
Player
Signing
Transfer
Under
Today's Top Quizzes in Sports
Browse Sports
hide this ad
Top Contributed Quizzes in Sports
1
Les meilleurs buteurs des matchs entre le PSG et l’OM
2
2022 World Cup Stars
3
FIFA Club World Cup Champions
4
Les entraîneurs de l'OM et du PSG au 21e siècle
5
Criteria MLB: Left Handed Sluggers
6
AFC Teams Reveal (Wrong Answers Minefield)
7
5-to-1: UK Sports Teams
8
Name the Premier League winners with different clubs
9
5-to-1: FBS Animal Nicknames
10
Players with Multiple 50 Home Run Seasons
Explore More
Trending Topics
Marvel
Disney
NBA
Anime
Crossword
Kpop
Harry Potter
The Office
Soccer
NFL
WWE
Song
Country
Puzzle
Pokémon
hide this ad
More By:
Peggy_Power
Quiz
Plays
Rating
Category
Featured
Created
True or False - Jersey Shore (TV Show)
9,502
1.63
Television
Jan 13, 2010
Premier League Top 3 Scorers
6,103
3.95
Sports
Jan 18, 2010
Chelsea signings under Abramovich
3,535
4.40
Sports
Oct 17, 2009
Premier League Nationalities
3,250
2.71
Sports
Nov 1, 2009
Name that TV Show
2,324
4.25
Television
Jan 9, 2010
Go to Creator's Profile
Score Distribution
Quiz Creator Spotlight
Peggy_Power
Follow
Send a Message
Quizzes Created
-
Created Quiz Play Count
-
More By This Creator
Popular Quizzes Today
1
Find the US States - No Outlines Minefield
2
Find the Countries of Europe - No Outlines Minefield
3
The Countries of the World
4
Find the US States
5
Risky Map Clicking: Biggest States A-Z
6
US States
7
Popular People in 1961
8
Movies - When Are They Set?
More Sports Quizzes
MLB: Shortstops with 2,000+ Career Hits
Published
Trending Quizzes
Risky Map Clicking: Least Populous States A-Z
1-10 Letter G Words
1-10 Letter F Words
Risky Map Clicking: Next State Alphabetically
Click the Washington State Counties! (Map)
Recently Updated
Leaping Animals
pecheneg
Reality TV Shows (A-Z)
bhenderson79
Rickey Henderson's Hall of Fame Teammates
pecheneg
Champions League XIs: Arsenal
pecheneg
Quick Pick: Celebrities in WWE's Hall of Fame
aduchscher
A-Z Keypad Blitz II
pecheneg
Multiple Oscar Actors
pecheneg
Mystery Phrase Blitz: Oscar 'Best Actors'
pecheneg
F. Scott Fitzgerald Novels
LTH
Pick 3 Villains
ddd62291
Trending Topics
NBA
Marvel
Crossword
Kpop
Harry Potter
Anime
Disney
Pokémon
Soccer
Country
NFL
Puzzle
The Office
WWE
Song
Your Account Isn't Verified!
In order to create a playlist on Sporcle, you need to verify the email address you used during registration. Go to your
Sporcle Settings
to finish the process.
Report this User
Report this user for behavior that violates our
Community Guidelines
.
Details:
Send Report
Go to the Sporcle.com Mobile Site →
Comments